Normal view MARC view
  • Epidemiology of Principal viral respiratory pathogens.

Entry Uniform Title

Number of records used in: 3

001 - CONTROL NUMBER

  • control field: 3279

003 - CONTROL NUMBER IDENTIFIER

  • control field: NUST

005 - DATE AND TIME OF LATEST TRANSACTION

  • control field: 20170713134148.0

008 - FIXED-LENGTH DATA ELEMENTS

  • fixed length control field: 170713|| aca||aabn | a|a d

040 ## - CATALOGING SOURCE

  • Original cataloging agency: NUST
  • Transcribing agency: NUST

130 ## - HEADING--UNIFORM TITLE

  • Uniform title: Epidemiology of Principal viral respiratory pathogens.

670 ## - SOURCE DATA FOUND

  • Source citation: Work cat.: (NUST): Uzma Bashir 3278, Th-PhD-Epidemiology of principal viral respiratory pathogens in Pakistani children and molecular characterization of influenza A/H3N2 and respiratory syncytial viruses, 2017.
© 2023 Central Library, National University of Sciences and Technology. All Rights Reserved.